Statistics for Name these Elizabeths

Click here to take the quiz!

General Stats

  • This quiz has been taken 66 times
  • The average score is 6 of 20

Answer Stats

Answer% Correct
Elizabeth Taylor
79%
Elizabeth II (Windsor)
65%
Elizabeth Olsen
59%
Elizabeth I (Tudor)
44%
Elizabeth Warren
43%
Bette Davis
40%
Lizzie McGuire
40%
Lana Del Ray
37%
Betty Ford
30%
Elizabeth Bowes Lyon
30%
Elizabeth Gillies
19%
Elizabeth Holmes
19%
Betsy Ross
14%
Elizabeth Dole
10%
Elizabeth Ann Seton
8%
Elizabeth Monroe
8%
Elizabeth Turner
8%
Beth Harmon
3%
Elizabeth Schuyler Hamilton
3%
Elizabeth Carter
2%

Score Distribution

Percentile by Number Answered

Percent of People with Each Score

Your Score History

You have not taken this quiz